LEADER 00978nam a2200205 4500 001 000000365662 003 CaOOAMICUS 005 20251210111626.0 008 251210s1982 gw a 000 u ger r 040 $aSeMil$bita 245 10$aBd. 1 /$cHermann Samuel Reimarus. 264 1$aGöttingen :$bVandenhoeck & Ruprecht,$c1982. 300 $a476 p. ;$c21 cm 773 0 $aReimarus, Hermann Samuel <1694-1768>$tAllgemeine Betrachtungen über die Triebe der Thiere, hauptsächlich über ihre Kunsttriebe.$dGöttingen : Vandenhoeck & Ruprecht, 1982.$kVeröffentlichung der Joachim Jungius-Gesellschaft der Wissenschaften$z3-525-85573-7$g1$w()365661 850 $aSeMil 852 $aSeMil$W1$xVenegono$y1$m2R VII 65$j265249$B256478$CSeMilBibl$Z2$F256478 $81 961 $aBuzzi mons. Franco - Omaggio 996 $6245$aBd. 1$9(OLS)http://semarc/title/457285 996 $6264$aGöttingen :$bVandenhoeck & Ruprecht$9(OLS)http://semarc/publisher/29697 LEADER 01405nam a2200313 i 4500 001 000000338976 003 CaOOAMICUS 005 20200123101000.0 008 200123s2005 it u000 u mul u 013 $a98360 020 $a88-7257-066-2 040 $aSeMil$bita 041 1 $ait$agrc 100 1 $aFyrigos, Antonis,$d<1947- >.$0(OLS)http://semarc/name/24012 245 10$aDalla controversia palamitica alla polemica esicastica /$cAntonis Fyrigos ; con un'edizione critica delle Epistole greche di Barlaam. 264 1$aRoma :$bAntonianum,$c2005. 300 $a458 p. ;$c25 cm. 505 00$aEpistole greche con la traduzione italiana a fronte 600 04$aBarlaam : Calabro .$0(OLS)http://semarc/subject/48952 650 4$aEsicasmo.$0(OLS)http://semarc/subject/15731 650 4$aControversie religiose.$0(OLS)http://semarc/subject/14873 700 0 $aBarlaam : Calabro.$0(OLS)http://semarc/name/110789 830 0$aMedioevo ;$v11.$0(OLS)http://semarc/title/15732 850 $aSeMil 852 $aSeMil$W1$xVenegono$y1$m2K VI 22$j218480$B230402$CSeMilBibl$Z2$F230402 $81 996 $6020$a88-7257-066-2$9(OLS)http://semarc/number/289691 996 $6245$aDalla controversia palamitica alla polemica esicastica$9(OLS)http://semarc/title/427779 996 $6264$aRoma :$bAntonianum$9(OLS)http://semarc/publisher/32214